Score 0/25 Timer 04:00
2 Plays Today
% Correct
Snow White
98.1%
The Simpsons
98%
Simba
96.6%
Scrabble
96.1%
The Sound of Music
93.3%
Singin' in the Rain
91.6%
Taylor Swift
91.5%
Britney Spears
90.7%
Scrubs
89.3%
Seinfeld
84.1%
Super Mario Bros.
82.5%
Shakira
79.2%
Sting
78.5%
% Correct
Sex and the City
78.4%
Sebastian
76.1%
Sims
72.7%
Sleeping Beauty
71.5%
Sweeney Todd
66.1%
Simon & Garfunkel
65.6%
Sorry!
64.8%
Survivor
57%
Shere Khan
51.9%
Sven
51%
South Pacific
40.2%
Stratego
39%
Come Together.
Have Fun.
All Virtual.
We all need to come together. Play Sporcle's virtual live trivia to have fun, connect with people, and get your trivia on. Join a live hosted trivia game for your favorite pub trivia experience done virtually. If a virtual private party is more your thing, go here for details.

You're not logged in!

Compare scores with friends on all Sporcle quizzes.
OR
Log In

Sporcle TV

Today on Sporcle TV


Watch our educational content, quiz creation guides, and fun videos on Sporcle TV.

Show Comments

Extras

Top Quizzes Today


Score Distribution

Paid Content

Your Account Isn't Verified!

In order to create a playlist on Sporcle, you need to verify the email address you used during registration. Go to your Sporcle Settings to finish the process.

Report this User

Report this user for behavior that violates our Community Guidelines.

Details: